<?xml version="1.0" encoding="UTF-8"?>
<record
    xmlns:xsi="http://www.w3.org/2001/XMLSchema-instance"
    xsi:schemaLocation="http://www.loc.gov/MARC21/slim http://www.loc.gov/standards/marcxml/schema/MARC21slim.xsd"
    xmlns="http://www.loc.gov/MARC21/slim">

  <leader>01106nam a2200265 a 4500</leader>
  <controlfield tag="001">BRCA_7059</controlfield>
  <controlfield tag="005">20190321142932.0</controlfield>
  <controlfield tag="008">031211s2011----po-a######---#000-0#por-#</controlfield>
  <datafield tag="020" ind1=" " ind2=" ">
    <subfield code="a">9789898366078</subfield>
  </datafield>
  <datafield tag="041" ind1=" " ind2=" ">
    <subfield code="a">por</subfield>
  </datafield>
  <datafield tag="044" ind1=" " ind2=" ">
    <subfield code="a">po</subfield>
  </datafield>
  <datafield tag="050" ind1=" " ind2="4">
    <subfield code="b">.P56 2011</subfield>
  </datafield>
  <datafield tag="100" ind1="1" ind2=" ">
    <subfield code="a">Pinto Trancoso, Teresa Maria</subfield>
    <subfield code="9">17542</subfield>
  </datafield>
  <datafield tag="245" ind1="1" ind2="0">
    <subfield code="a">Ant&#xF3;nio Maria Ribeiro</subfield>
    <subfield code="b">cinzelador, ourives, escultor e desenhador portuense (1889-1962)</subfield>
    <subfield code="c">Teresa Maria Pinto Trancoso ; pref&#xE1;cio Gon&#xE7;alo de Vasconcelos e Sousa.</subfield>
  </datafield>
  <datafield tag="260" ind1=" " ind2=" ">
    <subfield code="a">Porto, Portugal</subfield>
    <subfield code="b">Universidade Cat&#xF3;lica Editora - Porto ;  Centro Interpretativo da Ourivesaria do Norte de Portugal (CIONP) ;  Escola das Artes/Universidade Cat&#xF3;lica Portuguesa (CITAR)</subfield>
    <subfield code="c">2011</subfield>
  </datafield>
  <datafield tag="300" ind1=" " ind2=" ">
    <subfield code="a">253 p.</subfield>
    <subfield code="b">il. (algunas a color)</subfield>
    <subfield code="c">24 cm.</subfield>
  </datafield>
  <datafield tag="500" ind1=" " ind2=" ">
    <subfield code="a">Donado y dedicado a la biblioteca del MFM por Teresa Maria Pinto Trancoso</subfield>
  </datafield>
  <datafield tag="504" ind1=" " ind2=" ">
    <subfield code="a">Bibliograf&#xED;a: p. [245]-253</subfield>
  </datafield>
  <datafield tag="650" ind1="1" ind2="4">
    <subfield code="a">Joyer&#xED;a portuguesa</subfield>
    <subfield code="9">17543</subfield>
  </datafield>
  <datafield tag="650" ind1="1" ind2="4">
    <subfield code="a">Plata portuguesa</subfield>
    <subfield code="9">17544</subfield>
  </datafield>
  <datafield tag="650" ind1="1" ind2="4">
    <subfield code="a">Biograf&#xED;a</subfield>
    <subfield code="9">17545</subfield>
  </datafield>
  <datafield tag="650" ind1="1" ind2="4">
    <subfield code="a">Bronce</subfield>
    <subfield code="9">17546</subfield>
  </datafield>
  <datafield tag="700" ind1="1" ind2=" ">
    <subfield code="a">Vasconcelos e Sousa, Gon&#xE7;alo de</subfield>
    <subfield code="9">17547</subfield>
  </datafield>
  <datafield tag="942" ind1=" " ind2=" ">
    <subfield code="2">lcc</subfield>
    <subfield code="c">B</subfield>
  </datafield>
  <datafield tag="999" ind1=" " ind2=" ">
    <subfield code="c">6740</subfield>
    <subfield code="d">6740</subfield>
  </datafield>
  <datafield tag="952" ind1=" " ind2=" ">
    <subfield code="0">0</subfield>
    <subfield code="1">0</subfield>
    <subfield code="4">0</subfield>
    <subfield code="7">0</subfield>
    <subfield code="a">BRCA</subfield>
    <subfield code="b">BRCA</subfield>
    <subfield code="d">2011-12-03</subfield>
    <subfield code="l">0</subfield>
    <subfield code="o">.P56 2011</subfield>
    <subfield code="p">02690</subfield>
    <subfield code="r">2019-03-22 00:00:00</subfield>
    <subfield code="w">2019-03-22</subfield>
    <subfield code="y">B</subfield>
  </datafield>
</record>
